| 000 | 01061cam a2200217 4500 | ||
|---|---|---|---|
| 005 | 20170502112904.0 | ||
| 008 | 170502b mx ||||| |||| 00| 0 spa d | ||
| 020 | _a9688201472 (Obra completa) | ||
| 050 | 0 | 4 |
_aJ171 .M3 _bR39 1984 |
| 245 | 0 | 4 |
_aLas Razones y las obras : _bGobierno de Miguel de la Madrid, Crónica del sexenio 1982-1988 / _cDirección de Alejandra Lajous. |
| 260 |
_aMéxico : _bPresidencia de la República, Unidad de la Crónica Presidencial, _c1984 |
||
| 300 |
_av. ; _c26 cm. |
||
| 440 | 0 | _aTezontle | |
| 505 |
_aContenido: _gv.1. _tPrimer año, crónica del sexenio 1982-1988 -- _gv.2. _tSegundo año -- _gv.6. _tSexto año -- _gv.7. _tIndices -- _gv.8. _tCrónica de la campaña electoral de Miguel de la Madrid |
||
| 600 | 1 |
_aMadrid Hurtado, Miguel de, _d1934- |
|
| 650 | 7 |
_aPresidentes _zMéxico _2Lemb |
|
| 651 | 7 |
_aMéxico _xPolítica y gobierno, 1982-1988 _xCronología _2Lemb |
|
| 700 | 1 | _aLajous, Alejandra, dir. | |
| 710 | 1 |
_aMéxico. _bPresidencia de la República, Unidad de la Crónica Presidencial |
|
| 942 |
_2lcc _cLIB |
||
| 999 |
_c67747 _d67747 |
||